000 00449nam a22001817a 4500
003 CEME
005 20210628202517.0
008 210209b xxu||||| |||| 00| 0 eng d
020 _a0-12-455855-0
040 _c.
082 _a004.66 BIG
100 _aLoshin, Pete
_959634
245 _aBig book ip telephony rfcs
260 _aNEW YORK
_bMORGAN KAUFMANN
_c2001
300 _aXV, 1100P
650 _aIP TELEPHONY RFCS
_960237
942 _cBK
_2ddc
999 _c570021
_d570021